000 00387nam a2200145Ia 4500
008 230917s9999||||xx |||||||||||||| ||und||
040 _e233325
_aMAIN
041 _aEnglish
082 _a294.363 S24B
100 _aShastri, Manmatha Nath
245 0 _aBuddha: His life, his teachings, his order
260 _aVaranasi
_bIndological Book
_c1978
300 _alviii,279 p.
942 _cBK
999 _c168297
_d168297